An investigation into advertising slogans in English and Vietnamese

Introduction; Literature review and Theoretical background; Methodology and procedures...

Đã lưu trong:
書目詳細資料
主要作者: Trương Thị Phượng
其他作者: Le Tan Thi, Ph.D. (Supervisor.)
格式: 未知
語言:English
出版: Đà Nẵng : The University of Da Nang, 2012.
主題:
標簽: 添加標簽
沒有標簽, 成為第一個標記此記錄!
Thư viện lưu trữ: Mạng thư viện Đại học Đà Nẵng
LEADER 02756na a2200385 4500
001 000030774
003 4491
005 20230614093723.0
008 151001s2012 DN 000 eng
040 |a LNN 
041 |a eng 
082 |a 420.4  |b TR-P 
100 |a Trương Thị Phượng 
245 1 3 |a An investigation into advertising slogans in English and Vietnamese  |h [Thesis-Luận văn thạc sĩ] /  |c Truong Thi Phuong ; Le Tan Thi hướng dẫn. 
260 |a Đà Nẵng :  |b The University of Da Nang,  |c 2012. 
300 |a vii, 71 p. ;  |c 29 cm. +  |e 1 Abstract. 
500 |a Bao gồm phụ lục. 
500 |a Master thesis in the English language. Field: The English language. Code: 60.22.15. 
520 3 |a Introduction; Literature review and Theoretical background; Methodology and procedures... 
630 0 4 |a English language. 
650 0 4 |a Advertising slogans  |x English language. 
700 1 |a Le Tan Thi,  |c Ph.D.,  |e Supervisor. 
OWN |a LNN 
AVA |a UDN50  |b LNN  |c English  |d 420.4 TR-P  |e available  |t Error 5001 Not defined in file expand_doc_bib_avail.  |f 1  |g 0  |h N  |i 0  |j AN  |k 1 
Z40 3 |y An investigation into advertising slogans in English and Vietnamese  |l Library of UFL  |t VIEW  |x http://catalog.udn.vn:80/F?func=service&doc_library=UDN01&local_base=UDN01&doc_number=000030774&sequence=000001&line_number=0001&func_code=DB_RECORDS&service_type=MEDIA  |f summary4_000025918.pdf  |e pdf  |s 000357541  |k 20230614  |m NTMTHI 
Z40 3 |y An investigation into advertising slogans in English and Vietnamese  |l Library of UFL  |t VIEW  |x http://catalog.udn.vn:80/F?func=service&doc_library=UDN01&local_base=UDN01&doc_number=000030774&sequence=000002&line_number=0002&func_code=DB_RECORDS&service_type=MEDIA  |f fullthesis_000025920.pdf  |e pdf  |s 000558673  |k 20230614  |m NTMTHI 
999 |a From the UDN01 
AVA |a UDN50  |b LNN  |c English  |d 420.4 TR-P  |e available  |t Error 5001 Not defined in file expand_doc_bib_avail.  |f 1  |g 0  |h N  |i 0  |j AN  |k 1 
TYP |a Printed language 
856 |y An investigation into advertising slogans in English and Vietnamese  |l Library of UFL  |t VIEW  |x http://catalog.udn.vn:80/F?func=service&doc_library=UDN01&local_base=UDN01&doc_number=000030774&sequence=000001&line_number=0001&func_code=DB_RECORDS&service_type=MEDIA  |f summary4_000025918.pdf  |e pdf  |s 000357541  |k 20230614  |m NTMTHI 
856 |y An investigation into advertising slogans in English and Vietnamese  |l Library of UFL  |t VIEW  |x http://catalog.udn.vn:80/F?func=service&doc_library=UDN01&local_base=UDN01&doc_number=000030774&sequence=000002&line_number=0002&func_code=DB_RECORDS&service_type=MEDIA  |f fullthesis_000025920.pdf  |e pdf  |s 000558673  |k 20230614  |m NTMTHI 
980 |a Mạng thư viện Đại học Đà Nẵng